Veritas non auctoritas facit legem: studio di diritto matrimoniale in onore di Piero Antonio Bonnet

محفوظ في:
التفاصيل البيبلوغرافية
المؤلفون الرئيسيون: Dalla Torre, Giuseppe (مؤلف), Gullo, Carlo (مؤلف), Boni, Geraldina (مؤلف)
التنسيق: كتاب
اللغة:الإيطالية
منشور في: Ciudad del Vaticano Libreria Editrice Vaticana 2012
الطبعة:1a. ed
سلاسل:Studi Giuridici, 99
الموضوعات:
الوسوم: إضافة وسم
لا توجد وسوم, كن أول من يضع وسما على هذه التسجيلة!

MARC

LEADER 00000cam a2200000 a 4500
001 UCE0918
003 CL-VaPUC
008 140317e20120000vc |||||||||||||||||ita|d
020 |a 9788820988715 
082 0 4 |a 346.016  |b DAL  |2 21 
100 0 |a Dalla Torre, Giuseppe  |e author  |9 573328 
700 |a Gullo, Carlo  |e author  |9 621350 
700 0 |a Boni, Geraldina  |e author  |9 573330 
245 1 0 |a Veritas non auctoritas facit legem: studio di diritto matrimoniale in onore di Piero Antonio Bonnet 
250 |a 1a. ed 
300 |a 520 p 
942 |c BK 
945 |d 20140317 10:17:00  |a dcastane 
260 |a Ciudad del Vaticano  |b Libreria Editrice Vaticana  |c 2012 
650 7 |a DERECHO CANONICO  |2 CL-VaPUC  |9 573331 
650 0 |a Derecho matrimonial   |9 397740 
650 7 |a MATRIMONIO  |2 CL-VaPUC  |9 573332 
583 |a last modification  |c 20140317 10:17:00  |k Rodrigo Vera 
490 0 |a Studi Giuridici, 99 
999 |c 354922  |d 354920 
952 |0 0  |1 0  |3 erb  |4 0  |6 346_016000000000000_DAL_2012  |7 0  |8 DER_HDC  |9 461153  |a BIBDER  |b BIBDER  |i 5060702  |o 346.016 DAL 2012  |p 5060702  |r 2023-01-25  |w 2019-11-23  |x Ubicación 4to Piso  |y BK  |z Estos recursos deben solicitarse con anticipación  |k DER